Yellow Car - Statistics

General Stats
  • This quiz has been taken 31 times
  • The average score is 10 of 20
Answer Stats
Picture Answer % Correct
Honda e
100%
Mercedes-Benz Class T
96%
Audi R8
85%
Mini Cab
81%
Lamborghini Urus
69%
Toyota Yaris
65%
Toyota GR Supra
62%
Fiat Panda 4x4
50%
Mercedes-Benz CLA
50%
Alpine A110
46%
Renault Twingo
46%
Volkswagen ID.4
46%
Mercedes-AMG SL
42%
Peugeot 208
42%
Maserati Grecale
35%
Porsche 718 Boxster
35%
Renault Mégane R.S.
35%
Lotus Eletre
23%
Opel Astra
19%
Mitsubishi Space Star
8%
No matching quizzes found
Score Distribution
Percent of People with Each Score
Percentile by Number Answered
Your Score History
You have not taken this quiz